| 000 | 01369nam0a22002891 4500 | ||
|---|---|---|---|
| 001 | rc\4136310 | ||
| 005 | 20260406193201.0 | ||
| 021 |
_aRU _b[55-1791] |
||
| 035 | _a(NLR Aleph) 008160587 | ||
| 090 |
_a7798175 _c7798175 |
||
| 100 | _a20130415d1954 |||y0rusy50 ca | ||
| 101 | 0 | _arus | |
| 102 | _aRU | ||
| 105 | _ay z ||||| | ||
| 200 | 1 |
_aПути развития электрификации и механизации сельского хозяйства _e[Перераб. и доп. материалы IV сессии Уральского филиала Акад. наук СССР _fРед. коллегия: М.П. Макаров, инж. (отв. ред.) и др.] |
|
| 210 |
_aСвердловск _cКн. изд-во _d1954 |
||
| 215 |
_a64 с. _d20 |
||
| 225 | 1 | _aНаука - сельскохозяйственному производству | |
| 606 |
_aСельское хозяйство _xЭлектрификация _yСвердловская область _2psbo |
||
| 606 |
_aСельское хозяйство _xМеханизация _yСвердловская область _2psbo |
||
| 702 | 1 |
_aМакаров _bМ.П. _4340 |
|
| 712 | 0 | 2 |
_aАН СССР _bУральский филиал _3RU\NLR\AUTH\889955848 _9407815 |
| 801 | 0 |
_aRU _bNLR _gpsbo |
|
| 801 | 1 |
_aRU _bELAR _2rusmarc |
|
| 852 |
_aNLR _jС20 Г-4/2911 |
||
| 942 | _cBOOK | ||
| 980 | _aNB | ||